| 000 | 00360nam a2200121Ia 4500 | ||
|---|---|---|---|
| 008 | 210430s9999 xx 000 0 und d | ||
| 082 | _a620.1123P8951T | ||
| 100 |
_aShesha Prakash,G.S Suresh _954665 |
||
| 245 |
_aTextbook of mechanics of materials _cShesha Prakash,G.S Suresh |
||
| 260 |
_aNew Delhi _bPHI Limited _c2011 |
||
| 300 | _a322p. | ||
| 942 |
_cREF _2ddc |
||
| 999 |
_c565309 _d565309 |
||